| 000 | 00475nam a2200181Ia 4500 | ||
|---|---|---|---|
| 001 | 23748 | ||
| 005 | 20260414150958.0 | ||
| 008 | 260414t1970||||xx |||||||||||||| ||spa|| | ||
| 041 | _aESP | ||
| 082 |
_a704 _bP62 T.3 |
||
| 100 |
_aPischel, Gina _eAUT |
||
| 245 | 0 |
_aHistoria universal del arte 3 : _bpintura - escultura - arquitectura - artes decorativas |
|
| 260 | _c1970 | ||
| 300 |
_apágs. : _c30 cm. |
||
| 650 | _aABD | ||
| 654 | _aCAU | ||
| 942 |
_cLIB _dJUS _fJUS _2ddc _n |
||
| 999 |
_c23748 _d23748 |
||